000 00694cam a22002531 4500
999 _c22334
_d22334
001 6495371
003 BDDh-ASL
005 20231015030123.0
008 750624s1951 nyu b 000 0 eng
010 _a 51005545
035 _a(OCoLC)1407531
040 _aDLC
_cFM
_dOCoLC
_dDLC
_dBDDh-ASL
042 _apremarc
050 0 0 _aDS480.84
_b.M4 1951
082 _a954
_bMEI
100 1 _aMellor, Andrew.
245 1 0 _aIndia since partition /
260 _aNew York :
_bF.A. Praeger,
_c1951.
300 _aviii, 156 p. :
_c20 cm.
504 _aBibliography: p. 149-153.
651 0 _aIndia
_xHistory
_y1947-
906 _a7
_bcbc
_coclcrpl
_du
_encip
_f19
_gy-gencatlg
942 _2ddc
_cBK